1126 1533 1218 1284 1492 1879 1894 1881 1780 1159 1530 1262 1454 1676 1685 1428 1344 1905 1969 1204 1500 1195 1730 1130 1306 1747 1142 1263 1251 1008 1034 1746 1397 1940 1839 1826 1228 1733 1096 1467 1153 1238 1221 1892 1441 1408 1336 1853 1805 1098 1938 1983 1945 1123 1578 1444 1803 1026 1184 1497 1819 1099 1060 1888 1746 1508 1910 1849 1205 1897 1563 1515 1022 1390 1460 1832 1794 1433 1884 1718 1306 1312 1717 1070 1134 1706 1307 1062 1762 1537 1340 1501 1299 1988 1255 1813 1933 1777 1286 BCNSPRNW ULIB Ver.6.0+V

เปลี่ยนเป็นภาษาไทย

Change to English
 แสดงรายละเอียดบรรณานุกรม
  กลับหน้าหลัก

Brief Record : Get Marc (ISO 2709) : E-mail record : QR code < ปิดหน้าต่าง
LEADER : 00000nam 2200000uu 4500
001    13399126339
003     ULIB
008    180910s||||||||th 000 0 tha d
020    ^a9786168035368
060    ^aWI100 M294
245    ^aManual of gastroenterology
250    ^aพิมพ์ครั้งที่ 1
260    ^aกรุงเทพฯ :^bโครงการตำราอายุรศาสตร์วิทยาลัยแพทยศาสตร์พระมงกุฎเกล้า,^c2561
300    ^a376 หน้า^bภาพประกอบ
650    ^aGastroenterology
650    ^aโรคระบบทางเดินอาหาร
650    ^aโรคตับ
650    ^aระบบทางเดินอาหารและตับ
700 0  ^aศักรินทร์ จิรพงศธร และชัยพิชิต พุทธาพิทักษ์พงศ์
945    ^p300^l0^i26920
945    ^p300^l0^i26921
945    ^p300^l0^i26591
945    ^p300^l0^i26590
945    ^p300^l0^i26919
999    ^aกัณชพร จุลอักษร
รายการนี้ยังไม่มีแท็ก
คุณยังไม่ได้ล็อกอิน คุณสามารถมีกิจกรรมร่วมกับเว็บไซต์ได้ แต่ต้องล็อกอินก่อน ::
  ล็อกอิน

รายการสื่อสารสนเทศ

ลำดับที่ ประเภท เลขเรียก/บาร์โค้ด สถานที่ สถานะ
1. หนังสือสำรอง
หนังสือสำรอง
WI100 M294 ฉ.1 
  Barcode: 26590
ห้องสมุดวิทยาเขตนครสวรรค์
►หนังสือทั่วไป:l:General Books
บนชั้น
2. วิทยาศาสตร์การแพทย์ และสุขภาพ
วิทยาศาสตร์การแพทย์ และสุขภาพ
WI100 M294 ฉ.2 
  Barcode: 26591
ห้องสมุดวิทยาเขตนครสวรรค์
►หนังสือทั่วไป:l:General Books
บนชั้น
3. วิทยาศาสตร์การแพทย์ และสุขภาพ
วิทยาศาสตร์การแพทย์ และสุขภาพ
WI100 M294 ฉ.3 
  Barcode: 26919
ห้องสมุดวิทยาเขตนครสวรรค์
►หนังสือทั่วไป:l:General Books
บนชั้น
4. วิทยาศาสตร์การแพทย์ และสุขภาพ
วิทยาศาสตร์การแพทย์ และสุขภาพ
WI100 M294 ฉ.4 
  Barcode: 26920
ห้องสมุดวิทยาเขตนครสวรรค์
►หนังสือทั่วไป:l:General Books
บนชั้น
5. วิทยาศาสตร์การแพทย์ และสุขภาพ
วิทยาศาสตร์การแพทย์ และสุขภาพ
WI100 M294 ฉ.5 
  Barcode: 26921
ห้องสมุดวิทยาเขตนครสวรรค์
►หนังสือทั่วไป:l:General Books
บนชั้น

รายการใกล้เคียง
    ชื่อเรื่อง [Manual of gastroenterology]

    หัวเรื่อง [Gastroenterology]
    หัวเรื่อง [โรคระบบทางเดินอาหาร]
    หัวเรื่อง [โรคตับ]
    หัวเรื่อง [ระบบทางเดินอาหารและตับ]

BibComment


ยังไม่เคยถูกคอมเมนท์

คอมเมนท์ทรัพยากรรายการนี้
  คอมเมนท์: Manual of gastro..


 Copyright 2026. Bcnsprnw @Library